| 000 | 00696cam a2200169K 4500 | ||
|---|---|---|---|
| 082 |
_a624.1771 _bAND |
||
| 100 | 1 |
_aAndrews, Ewart S. _940738 |
|
| 245 | 1 | 0 |
_aFurther problems in the theory and design of structures _ban advanced text-book for the use of students, draughtsmen and engineers engaged in constructional work. _cBy Ewart S. Andrews ... |
| 260 |
_aLondon, _bChapman & Hall, _c1913. |
||
| 300 |
_a1 online resource (viii, 236 p.) _bincl., tables, diagrs. |
||
| 526 |
_a0 _b0 _c0 _d624_177100000000000_AND |
||
| 650 | 0 | _aBuilding. | |
| 650 | 0 |
_aMCE _9379 |
|
| 650 | 0 |
_aStrength of materials. _9563 |
|
| 856 | 4 | 0 | _uhttp://catalog.hathitrust.org/api/volumes/oclc/1611549.html |
| 942 |
_2ddc _cBK |
||
| 999 |
_c546734 _d546734 |
||